Демократия и образование: пер. с англ.

Библиографические подробности
Главный автор: Дьюи Дж. Джон
Примечания:В книгу американского философа, крупнейшего представителя прагматизма Джона Дьюи (1859 — 1952) включены две работы — «Демократия и образование» и «Опыт и образование», — дающие представление об эволюции его взглядов на проблему образования. Для психологов, педагогов.
Язык:русский
Опубликовано: Москва, Педагогика-Пресс, 2000
Серии:Педагогика: Классические труды
Предметы:
Формат: Книга
Запись в KOHA:https://koha.lib.tpu.ru/cgi-bin/koha/opac-detail.pl?biblionumber=101805

MARC

LEADER 00000nam0a2200000 4500
001 101805
005 20231031112742.0
010 |a 5715507731 
035 |a (RuTPU)RU\TPU\book\109784 
090 |a 101805 
100 |a 20060918d2000 k y0rusy50 ca 
101 1 |a rus  |c eng 
102 |a RU 
105 |a y z 000zy 
200 1 |a Демократия и образование  |e пер. с англ.  |f Дж. Дьюи 
210 |a Москва  |c Педагогика-Пресс  |d 2000 
215 |a 384 с. 
225 1 |a Педагогика: Классические труды 
330 |a В книгу американского философа, крупнейшего представителя прагматизма Джона Дьюи (1859 — 1952) включены две работы — «Демократия и образование» и «Опыт и образование», — дающие представление об эволюции его взглядов на проблему образования. Для психологов, педагогов. 
610 1 |a педагогика 
610 1 |a образование 
610 1 |a философия 
610 1 |a американская философия 
610 1 |a 20 век 
610 1 |a прагматизм 
610 1 |a демократия 
686 |a Ч30/49  |v LBC/SL-A  |2 rubbk 
686 |a Ю3(7США)  |v LBC/SL-A  |2 rubbk 
700 1 |a Дьюи  |b Дж.  |g Джон 
801 1 |a RU  |b 63413507  |c 20060918  |g PSBO 
801 2 |a RU  |b 63413507  |c 20060927  |g PSBO 
942 |c BK